| 000 | 00349nam a2200133Ia 4500 | ||
|---|---|---|---|
| 008 | 210430s9999 xx 000 0 und d | ||
| 020 | _a978-1860944154 | ||
| 082 | _a620.5 C253 N | ||
| 100 | _a Guozhong Cao | ||
| 245 |
_aNanostructures &Nanomaterials _c Guozhong Cao |
||
| 260 |
_amperial College Pr _c2004 |
||
| 300 | _a448P. | ||
| 942 |
_cBK _2ddc |
||
| 999 |
_c562733 _d562733 |
||